000 00210 a2200097 4500
001 45995
100 _aKardar R
245 _aInaugural test matches
260 _aKarachi
_bAsad Sons
_c
090 _c29117
_d29117
942 _aNUST-CAE
_cM
_c21244
999 _c281068
_d281068